| 000 | 00532nam a2200205 u 4500 | ||
|---|---|---|---|
| 005 | 20231101063702.0 | ||
| 008 | 160222s1997 r 000 0 eng d | ||
| 020 | _a9686567216 | ||
| 035 | _aUPN01000208298 | ||
| 049 | _aCG | ||
| 050 | 4 |
_aPQ7298.23 O4.8 _bF7.3 |
|
| 100 | 1 |
_aMongar, Carlos, _d1950- _939927 |
|
| 245 | 1 | 0 |
_aFragmentos sin fondos / _cCarlos Mongar. |
| 260 |
_aMéxico : _bSolar, _cc1997. |
||
| 300 | _a51 p. | ||
| 440 | 0 | _aMinimalia | |
| 650 | 4 |
_aPoesía mexicana _91273 |
|
| 905 | _aLibro | ||
| 999 |
_c180399 _d180399 |
||